[Event "Petroff Defence Thematic"]
[Site "SchemingMind.com"]
[Date "2018.03.31"]
[Round "-"]
[White "pnwmusichound"]
[Black "Helga1946"]
[Result "0-1"]
[WhiteCountry "USA"]
[BlackCountry "GER"]
[WhiteElo "1914"]
[WhiteRD "101"]
[BlackElo "2265"]
[BlackRD "60"]
[GameID "426316"]

1. e4 e5 2. Nf3 Nf6 3. Nxe5 d6 4. Nxf7 Kxf7 5. d4 g6 6. Bc4+ Kg7 7. Nc3 Be7 8. f3 Re8 9. Be3 c6 10. Qd2 d5
11. exd5 cxd5 12. Bd3 Nc6 13. O-O-O Bb4 14. Rde1 Bd7 15. g4 Qa5 16. Kb1 Rac8 17. h4 Ne7 18. Qh2 Rxc3 19. bxc3 Bxc3 20. Ref1 Qa3
0-1

[Event "Petroff Defence Thematic"]
[Site "SchemingMind.com"]
[Date "2018.04.01"]
[Round "-"]
[White "Stephen Woodhouse"]
[Black "pnwmusichound"]
[Result "1-0"]
[WhiteCountry "ENG"]
[BlackCountry "USA"]
[WhiteElo "1854"]
[WhiteRD "63"]
[BlackElo "1914"]
[BlackRD "101"]
[GameID "426468"]

1. e4 e5 2. Nf3 Nf6 3. d4 Nxe4 4. Bd3 d5 5. Nxe5 Bd6 6. O-O O-O 7. c4 c6 8. Nc3 Nxc3 9. bxc3 Nd7 10. Nxd7 Bxd7
11. cxd5 cxd5 12. Qh5 f5 13. Qf3 Qa5 14. c4 Be6 15. c5 Be7 16. Qe2 Bf7 17. Qxe7 Rae8 18. Qh4 Qc3 19. Bxf5 g6 20. Bh6 gxf5
21. Bxf8 Rxf8 22. Qg3+ Qxg3 23. hxg3 Bh5 24. Rfe1 f4 25. Re5 Bg6 26. gxf4 Rxf4 27. Rxd5 Rf7 28. Re1 Rc7 29. f4 b5 30. f5 Bf7
31. Rd6 Bxa2 32. f6 Kf8 33. c6
1-0

[Event "Petroff Defence Thematic"]
[Site "SchemingMind.com"]
[Date "2018.04.04"]
[Round "-"]
[White "Stephen Woodhouse"]
[Black "Helga1946"]
[Result "0-1"]
[WhiteCountry "ENG"]
[BlackCountry "GER"]
[WhiteElo "1854"]
[WhiteRD "63"]
[BlackElo "2265"]
[BlackRD "60"]
[GameID "426469"]

1. e4 e5 2. Nf3 Nf6 3. d4 Nxe4 4. Bd3 d5 5. Nxe5 Bd6 6. O-O O-O 7. c4 Bxe5 8. dxe5 Nc6 9. cxd5 Qxd5 10. Nc3 Nxc3
11. bxc3 Qxe5 12. Qf3 Qa5 13. a4 Ne5 14. Qe4 Nxd3 15. Qxd3 Bf5 16. Qg3 Rfe8 17. Bh6 Bg6 18. Bf4 c6 19. Bc7 b6 20. Rfd1 Rac8
21. h3 h5 22. Rd4 Re2 23. Rad1 Rce8 24. Qf3 c5 25. Rd8 Kh7 26. Qa8 Qxa4 27. R1d7 Qxd7
0-1

[Event "Petroff Defence Thematic"]
[Site "SchemingMind.com"]
[Date "2018.04.10"]
[Round "-"]
[White "David Perna-Fraser"]
[Black "pnwmusichound"]
[Result "0-1"]
[WhiteCountry "CAN"]
[BlackCountry "USA"]
[WhiteElo "2142"]
[WhiteRD "73"]
[BlackElo "1973"]
[BlackRD "99"]
[GameID "426716"]

1. e4 e5 2. Nf3 Nf6 3. Nxe5 d6 4. Nf3 Nxe4 5. Nc3 Nf6 6. d4 Be7 7. h3 O-O 8. Be3 Nc6 9. g4 d5 10. Qd2 Bb4
11. O-O-O Ne4 12. Nxe4 Bxd2+ 13. Nexd2 f5 14. gxf5 Bxf5 15. c3 a6 16. Rg1 Bg6 17. h4 b5 18. Bh3 b4 19. Bg5 Qd6 20. Rge1 bxc3
21. Nb3 Rxf3
0-1

[Event "Petroff Defence Thematic"]
[Site "SchemingMind.com"]
[Date "2018.04.06"]
[Round "-"]
[White "David Perna-Fraser"]
[Black "Stephen Woodhouse"]
[Result "1-0"]
[WhiteCountry "CAN"]
[BlackCountry "ENG"]
[WhiteElo "2133"]
[WhiteRD "75"]
[BlackElo "1879"]
[BlackRD "61"]
[GameID "426717"]

1. e4 e5 2. Nf3 Nf6 3. Nxe5 d6 4. Nf3 Nxe4 5. Nc3 Nxc3 6. dxc3 Be7 7. Bc4 O-O 8. Be3 Nc6 9. h4 Bg4 10. h5 Ne5
11. h6 Nxc4 12. hxg7 Re8 13. Qd3 h5 14. Qxc4 Kxg7 15. O-O-O Qd7 16. Rd5 c6 17. Bd4+ Bf6 18. Rg5+
1-0

[Event "Petroff Defence Thematic"]
[Site "SchemingMind.com"]
[Date "2018.04.08"]
[Round "-"]
[White "Helga1946"]
[Black "David Perna-Fraser"]
[Result "1/2-1/2"]
[WhiteCountry "GER"]
[BlackCountry "CAN"]
[WhiteElo "2070"]
[WhiteRD "51"]
[BlackElo "2142"]
[BlackRD "73"]
[GameID "426718"]

1. e4 e5 2. Nf3 Nf6 3. d4 Nxe4 4. Bd3 d5 5. Nxe5 Nd7 6. Qe2 Nxe5 7. Bxe4 dxe4 8. Qxe4 Bf5 9. Qxe5+ Qe7 10. Qxe7+ Bxe7
11. c3 O-O-O 12. O-O Bd6 13. Re1 Rhe8 14. Be3 Re6 15. Nd2 c6 16. d5 cxd5 17. Bxa7 Rh6 18. g3 Bd7 19. Bd4 Rg6 20. a4 h5
21. Nf3 Rg8 22. Ne5 Bxe5 23. Rxe5 Bc6 24. Rxh5 Re6 25. b4 g6 26. Rh7 f5 27. b5 Bd7 28. Rd1 Rge8 29. f4 Re2 30. Be5=
1/2-1/2

[Event "Petroff Defence Thematic"]
[Site "SchemingMind.com"]
[Date "2018.04.11"]
[Round "-"]
[White "pnwmusichound"]
[Black "frankly"]
[Result "0-1"]
[WhiteCountry "USA"]
[BlackCountry "ENG"]
[WhiteElo "1914"]
[WhiteRD "101"]
[BlackElo "2620"]
[BlackRD "70"]
[GameID "426725"]

1. e4 e5 2. Nf3 Nf6 3. Nxe5 d6 4. Nxf7 Kxf7 5. d4 c5 6. Bc4+ d5 7. exd5 b5 8. Bxb5 Qxd5 9. f3 cxd4 10. Bd3 Bb4+
11. Bd2 Re8+ 12. Kf2 Nc6 13. b3 Kf8 14. Re1 Bf5 15. Bxf5 Qxf5 16. Bxb4+ Nxb4 17. Rxe8+ Rxe8 18. Na3 d3 19. Rc1 Ng4+ 20. Kg3 Ne3
21. Qd2 Qg5+
0-1

[Event "Petroff Defence Thematic"]
[Site "SchemingMind.com"]
[Date "2018.04.06"]
[Round "-"]
[White "frankly"]
[Black "Stephen Woodhouse"]
[Result "1-0"]
[WhiteCountry "ENG"]
[BlackCountry "ENG"]
[WhiteElo "2633"]
[WhiteRD "68"]
[BlackElo "1879"]
[BlackRD "61"]
[GameID "426726"]

1. e4 e5 2. Nf3 Nf6 3. Nxe5 d6 4. Nf3 Nxe4 5. d4 d5 6. Bd3 Bf5 7. O-O Be7 8. Re1 O-O 9. c4 c6 10. Nc3 Nxc3
11. bxc3 Bxd3 12. Qxd3 dxc4 13. Qxc4 Nd7 14. Rb1 Nb6 15. Qb3 Bf6 16. c4 Qd7 17. c5 Nd5 18. Qxb7 Qg4 19. Qxc6 Rfd8 20. Rb7 Nf4
21. Bxf4 Qxf4 22. Rxa7 g6 23. Rxa8
1-0

[Event "Petroff Defence Thematic"]
[Site "SchemingMind.com"]
[Date "2018.04.06"]
[Round "-"]
[White "frankly"]
[Black "David Perna-Fraser"]
[Result "1-0"]
[WhiteCountry "ENG"]
[BlackCountry "CAN"]
[WhiteElo "2607"]
[WhiteRD "70"]
[BlackElo "2142"]
[BlackRD "73"]
[GameID "426727"]

1. e4 e5 2. Nf3 Nf6 3. Nxe5 d6 4. Nf3 Nxe4 5. d4 d5 6. Bd3 Bd6 7. O-O O-O 8. c4 c6 9. Re1 Bf5 10. Qc2 Bg6
11. c5 Bc7 12. Nc3 Na6 13. a3 f5 14. b4 Nb8 15. Ne2 Bh5 16. Ng3 Bg6 17. Qb3 Re8 18. Ne5 Nd7 19. f4 Nxe5 20. dxe5 Qh4
21. Bxe4 fxe4 22. Be3 Bf7 23. Qd1 Be6 24. Rf1 g6 25. b5 Qe7 26. Rb1 Bd7 27. Ne2 Bg4 28. h3 Bxe2 29. Qxe2 Qd7 30. bxc6 bxc6
31. Rb7 Qc8 32. Rfb1 Bb6 33. R7xb6 axb6 34. cxb6 Qd7 35. Bc5 Reb8 36. f5 gxf5 37. e6 Qxe6 38. b7 Ra4 39. Qe3 Kf7 40. Qf4 Qe8
41. Bd6
1-0

[Event "Petroff Defence Thematic"]
[Site "SchemingMind.com"]
[Date "2018.04.08"]
[Round "-"]
[White "Helga1946"]
[Black "frankly"]
[Result "0-1"]
[WhiteCountry "GER"]
[BlackCountry "ENG"]
[WhiteElo "2265"]
[WhiteRD "60"]
[BlackElo "2620"]
[BlackRD "70"]
[GameID "426728"]

1. e4 e5 2. Nf3 Nf6 3. d4 Nxe4 4. Bd3 d5 5. Nxe5 Nd7 6. Nxd7 Bxd7 7. O-O Bd6 8. Qh5 Qf6 9. Qxd5 Bc6 10. Qc4 O-O-O
11. Be3 Rhe8 12. Nc3 Qh4 13. h3 Nxc3 14. Qxc3 Rxe3 15. fxe3 Qg3 16. e4 Qh2+ 17. Kf2 f5 18. d5 fxe4 19. Bxe4 Bb5 20. Ke3 Re8
21. Qxg7 Bc5+ 22. Kd2 Rxe4 23. Rae1 Rd4+ 24. Kc1 b6 25. Rf5 Kb7 26. a3 a5 27. Qg5 Bc4 28. Kb1 Qd6 29. Qf6 Qg3 30. Qe5 Bd6
31. Rc1 Bxe5
0-1

[Event "Petroff Defence Thematic"]
[Site "SchemingMind.com"]
[Date "2018.04.19"]
[Round "-"]
[White "flyinduck"]
[Black "pnwmusichound"]
[Result "1-0"]
[WhiteCountry "CAN"]
[BlackCountry "USA"]
[WhiteElo "2024"]
[WhiteRD "53"]
[BlackElo "1953"]
[BlackRD "100"]
[GameID "427000"]

1. e4 e5 2. Nf3 Nf6 3. Nxe5 d6 4. Nf3 Nxe4 5. d4 d5 6. Bd3 Bd6 7. O-O O-O 8. c4 c6 9. Nc3 Nxc3 10. bxc3 dxc4
11. Bxc4 Bg4 12. Qd3 h6 13. h3 Bxf3 14. Qxf3 Nd7 15. Re1 Nf6 16. a4 Re8 17. Bb2 Rxe1+ 18. Rxe1 Bc7 19. Bb3 a5 20. Ba3 Nd5
21. Bxd5 Qxd5 22. Qxd5 cxd5 23. Re7 Rc8 24. g3 b6 25. Rd7 Bxg3 26. fxg3 Rxc3 27. Bd6 Rd3 28. Rb7 Rxd4 29. Rxb6 Rxa4 30. Rb5 d4
31. Rd5 Ra1+ 32. Kf2 Ra2+ 33. Kf3 Rd2 34. Rxa5 d3 35. Rd5 g5 36. g4 Kg7 37. Ke4 Kg6 38. Ke3 Rd1 39. Rxd3 Rxd3+ 40. Kxd3 f5
41. gxf5+ Kxf5 42. Ke3 h5= 43. Bb8 g4 44. h4 Kg6 45. Kf4 Kf6 46. Be5+ Ke6 47. Bd4 Kd5 48. Ba7 Ke6 49. Kg5 g3 50. Kxh5 Kf6
51. Kg4 Kg6 52. Kxg3
1-0

[Event "Petroff Defence Thematic"]
[Site "SchemingMind.com"]
[Date "2018.04.14"]
[Round "-"]
[White "frankly"]
[Black "flyinduck"]
[Result "1-0"]
[WhiteCountry "ENG"]
[BlackCountry "CAN"]
[WhiteElo "2607"]
[WhiteRD "70"]
[BlackElo "2086"]
[BlackRD "62"]
[GameID "427001"]

1. e4 e5 2. Nf3 Nf6 3. Nxe5 d6 4. Nf3 Nxe4 5. d4 d5 6. Bd3 Be7 7. O-O O-O 8. c4 c6 9. Nc3 f5 10. Qb3 Nxc3
11. bxc3 Na6 12. cxd5 cxd5 13. Re1 Nc7 14. c4 Be6 15. Rxe6 Nxe6 16. cxd5 Kh8 17. dxe6 b6 18. Bf4 g5 19. Be5+ Bf6 20. Re1 g4
21. Bxf6+ Qxf6 22. Ne5 Rfe8 23. d5 Kg7 24. Nd7
1-0

[Event "Petroff Defence Thematic"]
[Site "SchemingMind.com"]
[Date "2018.04.19"]
[Round "-"]
[White "David Perna-Fraser"]
[Black "flyinduck"]
[Result "1-0"]
[WhiteCountry "CAN"]
[BlackCountry "CAN"]
[WhiteElo "2190"]
[WhiteRD "73"]
[BlackElo "2108"]
[BlackRD "61"]
[GameID "427002"]

1. e4 e5 2. Nf3 Nf6 3. Nxe5 d6 4. Nf3 Nxe4 5. Nc3 Nxc3 6. dxc3 Be7 7. Bd3 O-O 8. Bf4 Nd7 9. Qd2 c5 10. h4 Qb6
11. O-O-O Qa5 12. Kb1 Nb6 13. Ng5 h6 14. Qe2 Bf6 15. Qe4 g6 16. Nxf7 Rxf7 17. Qxg6+ Bg7 18. Qh7+ Kf8 19. Bxd6+
1-0

[Event "Petroff Defence Thematic"]
[Site "SchemingMind.com"]
[Date "2018.04.14"]
[Round "-"]
[White "flyinduck"]
[Black "Stephen Woodhouse"]
[Result "1/2-1/2"]
[WhiteCountry "CAN"]
[BlackCountry "ENG"]
[WhiteElo "2102"]
[WhiteRD "63"]
[BlackElo "1854"]
[BlackRD "63"]
[GameID "427003"]

1. e4 e5 2. Nf3 Nf6 3. d4 Nxe4 4. Bd3 d5 5. Nxe5 Bd6 6. O-O O-O 7. c4 Bxe5 8. dxe5 Nc6 9. cxd5 Qxd5 10. Qf3 f5
11. exf6 Nxf6 12. Qxd5+ Nxd5 13. Bc4 Be6 14. Nc3 Nce7 15. Bg5 Bf7 16. Rfe1 Nxc3 17. Bxe7=
1/2-1/2

[Event "Petroff Defence Thematic"]
[Site "SchemingMind.com"]
[Date "2018.04.19"]
[Round "-"]
[White "Helga1946"]
[Black "flyinduck"]
[Result "1/2-1/2"]
[WhiteCountry "GER"]
[BlackCountry "CAN"]
[WhiteElo "2070"]
[WhiteRD "51"]
[BlackElo "2086"]
[BlackRD "62"]
[GameID "427004"]

1. e4 e5 2. Nf3 Nf6 3. d4 Nxe4 4. Bd3 Nc6 5. Bxe4 d5 6. Nxe5 dxe4 7. Nxc6 bxc6 8. O-O Bd6 9. Re1 f5 10. Qh5+ g6
11. Qe2 O-O 12. Qc4+ Rf7 13. Qxc6 Rb8 14. Nd2 Bb7 15. Qc3 Qh4 16. Qh3 Qxh3 17. gxh3 Ba6 18. Nb3 Bc4 19. Nc5 Bxc5 20. dxc5=
1/2-1/2

[Event "Petroff Defence Thematic"]
[Site "SchemingMind.com"]
[Date "2018.05.02"]
[Round "-"]
[White "pnwmusichound"]
[Black "malcolm chugg"]
[Result "1-0"]
[WhiteCountry "USA"]
[BlackCountry "WLS"]
[WhiteElo "1973"]
[WhiteRD "99"]
[BlackElo "1294"]
[BlackRD "59"]
[GameID "427634"]

1. e4 e5 2. Nf3 Nf6 3. Nxe5 d6 4. Nf3 Nxe4 5. d4 d5 6. Bd3 Bg4 7. O-O Nc6 8. c4 Be7 9. cxd5 Qxd5 10. Nc3 Nxc3
11. bxc3 O-O 12. Rb1 b6 13. a4 a5 14. Re1 Bf5 15. Rb5 Qd7 16. Bxf5 Qe8 17. Rd5 Na7 18. Bd7 Qd8 19. Bc6 Nxc6 20. Rxd8 Raxd8
21. d5 Nb8 22. Rxe7 c6 23. d6 Nd7 24. Ne5 Nxe5 25. Rxe5 f6 26. Re7 g5 27. Qh5 Rxd6 28. Qxh7#
1-0

[Event "Petroff Defence Thematic"]
[Site "SchemingMind.com"]
[Date "2018.04.27"]
[Round "-"]
[White "malcolm chugg"]
[Black "Stephen Woodhouse"]
[Result "0-1"]
[WhiteCountry "WLS"]
[BlackCountry "ENG"]
[WhiteElo "1310"]
[WhiteRD "58"]
[BlackElo "1854"]
[BlackRD "63"]
[GameID "427635"]

1. e4 e5 2. Nf3 Nf6 3. Bb5 c6 4. Be2 Bc5 5. Ng5 h6 6. Nxf7 Kxf7 7. Bh5+ g6 8. Bf3 Rf8 9. b3 d6 10. d3 Be6
11. Bxh6 Rh8 12. Be3 Bxe3 13. fxe3 Nbd7 14. Nc3 Qb6 15. Qe2 Rh4 16. g3 Rh7 17. O-O-O a5 18. Na4 Qb4 19. c3 Qa3+ 20. Qb2 Qxb2+
21. Nxb2 b5 22. d4 Rah8 23. h4 Ng4 24. Bxg4 Bxg4 25. Rdf1+ Ke6 26. Nd3 g5 27. Nf2 Bf3 28. Rh2 g4 29. Nd1 Bxe4 30. Rhf2 Bf3
31. Nb2 Nf6 32. Nd3 Ne4 33. Rc2 Nxg3 34. Re1 Rxh4 35. Kb2 Rh2 36. Rxh2 Rxh2+ 37. Ka3 Re2 38. c4 b4+ 39. Nxb4 axb4+ 40. Kxb4 Rxe1
0-1

[Event "Petroff Defence Thematic"]
[Site "SchemingMind.com"]
[Date "2018.05.02"]
[Round "-"]
[White "malcolm chugg"]
[Black "David Perna-Fraser"]
[Result "0-1"]
[WhiteCountry "WLS"]
[BlackCountry "CAN"]
[WhiteElo "1294"]
[WhiteRD "59"]
[BlackElo "2142"]
[BlackRD "73"]
[GameID "427636"]

1. e4 e5 2. Nf3 Nf6 3. Bb5 Nxe4 4. d3 Nc5 5. Be3 a6 6. Bc4 d5 7. Bb3 Nxb3 8. axb3 Bg4 9. h3 Bxf3 10. Qxf3 Nc6
11. c3 Be7 12. O-O O-O 13. g4 Qd7 14. Kh1 f5 15. Nd2 f4 16. Bb6 cxb6 17. Rfe1 Rf6 18. Qg2 Rh6 19. Re2 Rf8 20. f3 Bc5
21. b4 Be3 22. Nf1 d4 23. cxd4 Nxd4 24. Rxe3 fxe3 25. Nxe3 Rxf3 26. Kh2 Rxe3 27. Rd1 Re2 28. Qxe2 Nxe2 29. b3 Qxg4
0-1

[Event "Petroff Defence Thematic"]
[Site "SchemingMind.com"]
[Date "2018.04.30"]
[Round "-"]
[White "Helga1946"]
[Black "malcolm chugg"]
[Result "1-0"]
[WhiteCountry "GER"]
[BlackCountry "WLS"]
[WhiteElo "2265"]
[WhiteRD "60"]
[BlackElo "1310"]
[BlackRD "58"]
[GameID "427637"]

1. e4 e5 2. Nf3 Nf6 3. Nxe5 d6 4. Nf3 Nc6 5. d3 Be6 6. c3 Qd7 7. h3 O-O-O 8. c4 Ne8 9. d4 Na5 10. d5 Bxh3
11. Rxh3 Kb8 12. Bd2 b6 13. Bxa5 bxa5 14. Nd4 a4 15. Nc6+ Ka8 16. Qxa4 Qxc6 17. Qxc6+ Kb8 18. Rb3+ Kc8 19. c5
1-0

[Event "Petroff Defence Thematic"]
[Site "SchemingMind.com"]
[Date "2018.05.02"]
[Round "-"]
[White "malcolm chugg"]
[Black "flyinduck"]
[Result "0-1"]
[WhiteCountry "WLS"]
[BlackCountry "CAN"]
[WhiteElo "1294"]
[WhiteRD "59"]
[BlackElo "2086"]
[BlackRD "62"]
[GameID "427638"]

1. e4 e5 2. Nf3 Nf6 3. Bb5 c6 4. Bc4 d5 5. exd5 e4 6. Ng5 cxd5 7. Bb3 h6 8. Nh3 Bg4 9. f3 exf3 10. Kf2 Bc5+
11. d4 Ne4+ 12. Ke3 fxg2 13. Qxg4 gxh1=Q 14. Nc3 Nxc3 15. bxc3 Qe7+ 16. Kf2 Qee1#
0-1

[Event "Petroff Defence Thematic"]
[Site "SchemingMind.com"]
[Date "2018.04.27"]
[Round "-"]
[White "frankly"]
[Black "malcolm chugg"]
[Result "1-0"]
[WhiteCountry "ENG"]
[BlackCountry "WLS"]
[WhiteElo "2620"]
[WhiteRD "70"]
[BlackElo "1310"]
[BlackRD "58"]
[GameID "427639"]

1. e4 e5 2. Nf3 Nf6 3. Nxe5 d6 4. Nf3 Bg4 5. Nc3 Qe7 6. d4 Nxe4 7. Nd5 Qd7 8. Bd3 f5 9. Ne3 h5 10. h3 Bxf3
11. Qxf3 d5 12. Qxf5 Nd6 13. Qg6+ Qf7 14. Nxd5 Qxg6 15. Bxg6+ Kd7 16. Nf4 h4 17. Bh5 Nf5 18. Bg4 g6 19. Nxg6 Rg8 20. Bxf5+ Kd6
21. O-O Bg7 22. Bf4+ Kc6 23. Ne7+ Kb6 24. Nd5+ Ka5 25. b4+ Kb5 26. c4+ Kc6 27. b5#
1-0

[Event "Petroff Defence Thematic"]
[Site "SchemingMind.com"]
[Date "2018.05.03"]
[Round "-"]
[White "Krolewna"]
[Black "frankly"]
[Result "0-1"]
[WhiteCountry "POL"]
[BlackCountry "ENG"]
[WhiteElo "1890"]
[WhiteRD "63"]
[BlackElo "2583"]
[BlackRD "67"]
[GameID "427684"]

1. e4 e5 2. Nf3 Nf6 3. d3 Nc6 4. g3 d5 5. exd5 Nxd5 6. Bg2 Bg4 7. O-O Qd7 8. Re1 O-O-O 9. Nc3 Nde7 10. h4 f6
11. Rb1 Nd4 12. Ne4 Nec6 13. Be3 h6 14. Bxd4 Nxd4 15. c3 Nxf3+ 16. Bxf3 Be6 17. Bg2 Kb8 18. Qe2 Bxa2 19. Ra1 Bb3 20. Nd2 Bf7
21. Be4 Bc5 22. b4 Bb6 23. Nc4 Rhe8 24. Qf3 Rf8 25. Bxb7 Qxd3 26. Na5 Qxf3 27. Bxf3 Bd5 28. Be2 c6 29. Nc4 Bxc4 30. Bxc4 Rd2
31. Re2 Rxe2 32. Bxe2 f5 33. Kg2 Kb7 34. Rd1 Rd8 35. h5 e4 36. Rxd8 Bxd8 37. f3 Bf6 38. c4 a6 39. fxe4 fxe4 40. Kf2 Bd4+
41. Kf1 Kb6 42. g4 a5 43. bxa5+ Kxa5 44. Bd1 Kb4
0-1

[Event "Petroff Defence Thematic"]
[Site "SchemingMind.com"]
[Date "2018.05.03"]
[Round "-"]
[White "Krolewna"]
[Black "pnwmusichound"]
[Result "0-1"]
[WhiteCountry "POL"]
[BlackCountry "USA"]
[WhiteElo "1890"]
[WhiteRD "63"]
[BlackElo "1971"]
[BlackRD "98"]
[GameID "427685"]

1. e4 e5 2. Nf3 Nf6 3. d3 Nc6 4. g3 Be7 5. Bg2 O-O 6. O-O d5 7. exd5 Nxd5 8. Re1 Bf6 9. Nc3 Nxc3 10. bxc3 e4
11. Rxe4 Bxc3 12. Rb1 Ba5 13. Ba3 Re8 14. Rxe8+ Qxe8 15. c4 Rb8 16. h3 Be6 17. Ng5 h6 18. Nxe6 Qxe6 19. Qa4 Bb6 20. c5 Qxa2
21. Rc1 Bxc5 22. Rxc5 Qb1+ 23. Kh2 Re8 24. Rb5 Qxd3
0-1

[Event "Petroff Defence Thematic"]
[Site "SchemingMind.com"]
[Date "2018.04.28"]
[Round "-"]
[White "malcolm chugg"]
[Black "Krolewna"]
[Result "0-1"]
[WhiteCountry "WLS"]
[BlackCountry "POL"]
[WhiteElo "1310"]
[WhiteRD "58"]
[BlackElo "2064"]
[BlackRD "64"]
[GameID "427686"]

1. e4 e5 2. Nf3 Nf6 3. Nxe5 d6 4. Nxf7 Kxf7 5. Bc4+ d5 6. exd5 Bf5 7. d6+ Kg6 8. dxc7 Qxc7 9. Bd3 Bxd3 10. cxd3 Qe5+
11. Qe2 Qxe2+ 12. Kxe2 Nc6 13. Re1 Re8+ 14. Kf1 Rxe1+ 15. Kxe1 Bc5 16. b3 Nb4 17. Na3 Nxd3+ 18. Kf1 Nxc1 19. Rxc1 Bxa3 20. Rc7 Rd8
21. Ke2 Rd7 22. Rc8 Re7+ 23. Kd1 Ne4 24. f3 Nf2+ 25. Kc2 Re1 26. Rc7 Rc1#
0-1

[Event "Petroff Defence Thematic"]
[Site "SchemingMind.com"]
[Date "2018.04.28"]
[Round "-"]
[White "Stephen Woodhouse"]
[Black "Krolewna"]
[Result "0-1"]
[WhiteCountry "ENG"]
[BlackCountry "POL"]
[WhiteElo "1854"]
[WhiteRD "63"]
[BlackElo "2064"]
[BlackRD "64"]
[GameID "427687"]

1. e4 e5 2. Nf3 Nf6 3. d4 Nxe4 4. Bd3 d5 5. Nxe5 Nd7 6. Nxd7 Bxd7 7. O-O Qh4 8. c4 Nf6 9. Qe2+ Be6 10. Nc3 O-O-O
11. Be3 Kb8 12. Rfc1 Ng4 13. h3 Nxe3 14. fxe3 dxc4 15. Bxc4 Bd6 16. Nb5 Rhe8 17. Bxe6 Rxe6 18. Nxd6 Rdxd6 19. Qf2 Qe7 20. Rc3 b6
21. Rac1 Rd7 22. Kh1 Re4 23. Qf5 g6 24. Qf3 f5 25. a3 h5 26. Qg3 g5 27. Qf3 g4 28. Qxf5 gxh3 29. gxh3 Rxe3 30. Qc2 Re1+
31. Rxe1 Qxe1+ 32. Kh2 Rxd4 33. Rd3 Qe4 34. Rd2 Qf4+
0-1

[Event "Petroff Defence Thematic"]
[Site "SchemingMind.com"]
[Date "2018.04.29"]
[Round "-"]
[White "David Perna-Fraser"]
[Black "Krolewna"]
[Result "1-0"]
[WhiteCountry "CAN"]
[BlackCountry "POL"]
[WhiteElo "2204"]
[WhiteRD "72"]
[BlackElo "1890"]
[BlackRD "63"]
[GameID "427688"]

1. e4 e5 2. Nf3 Nf6 3. Nxe5 d6 4. Nf3 Nxe4 5. Nc3 Nxc3 6. dxc3 Be7 7. Bd3 O-O 8. Be3 c5 9. h4 Nd7 10. h5 Nb6
11. h6 g6 12. Qd2 Bg4 13. O-O-O Rc8 14. Rde1 Bxf3 15. gxf3 a6 16. Reg1 d5 17. Bf5 Nc4 18. Qd3 Rc6 19. b3
1-0

[Event "Petroff Defence Thematic"]
[Site "SchemingMind.com"]
[Date "2018.04.30"]
[Round "-"]
[White "Krolewna"]
[Black "Helga1946"]
[Result "1/2-1/2"]
[WhiteCountry "POL"]
[BlackCountry "GER"]
[WhiteElo "2019"]
[WhiteRD "68"]
[BlackElo "2067"]
[BlackRD "57"]
[GameID "427689"]

1. e4 e5 2. Nf3 Nf6 3. d3 d5 4. exd5 Qxd5 5. a3 Qe6 6. g3 Bc5 7. Bg2 Ng4 8. O-O Nxf2 9. Rxf2 Qb6 10. Qe1 Nc6
11. d4 Nxd4 12. Be3 Nxc2 13. Rxc2 Bxe3+ 14. Kh1 O-O 15. Nxe5 Bd4 16. Nc3 Be6 17. Rac1 Rad8 18. Nf3 Be3 19. Na4 Qb3 20. Nc5 Bxc5
21. Rxc5 c6 22. Qc3 Rd1+ 23. Rxd1 Qxd1+ 24. Qe1 Qxe1+ 25. Nxe1 Rd8 26. b4 Rd1 27. Re5 g6 28. Re3 Ra1=
1/2-1/2

[Event "Petroff Defence Thematic"]
[Site "SchemingMind.com"]
[Date "2018.05.03"]
[Round "-"]
[White "flyinduck"]
[Black "Krolewna"]
[Result "1-0"]
[WhiteCountry "CAN"]
[BlackCountry "POL"]
[WhiteElo "2108"]
[WhiteRD "61"]
[BlackElo "2019"]
[BlackRD "68"]
[GameID "427690"]

1. e4 e5 2. Nf3 Nf6 3. Nxe5 d6 4. Nf3 Nxe4 5. d4 d5 6. Bd3 Nc6 7. Nc3 Nxc3 8. bxc3 Bd6 9. O-O O-O 10. h3 h6
11. c4 dxc4 12. Bxc4
1-0

[Event "Petroff Defence Thematic"]
[Site "SchemingMind.com"]
[Date "2018.05.04"]
[Round "-"]
[White "pnwmusichound"]
[Black "Johnny Owens"]
[Result "0-1"]
[WhiteCountry "USA"]
[BlackCountry "USA"]
[WhiteElo "1971"]
[WhiteRD "98"]
[BlackElo "2252"]
[BlackRD "63"]
[GameID "427719"]

1. e4 e5 2. Nf3 Nf6 3. Nxe5 d6 4. Nf3 Nxe4 5. d4 Be7 6. c4 d5 7. Be2 Be6 8. O-O dxc4 9. Qa4+ c6 10. Bxc4 b5
11. Bxb5 cxb5 12. Qxb5+ Qd7 13. Qe5 Nf6 14. Qg3 Nc6 15. Qxg7 Rg8 16. Qh6 Bd5 17. Qf4 Nxd4 18. Kh1 Bxf3 19. gxf3 Qh3
0-1

[Event "Petroff Defence Thematic"]
[Site "SchemingMind.com"]
[Date "2018.04.29"]
[Round "-"]
[White "Johnny Owens"]
[Black "malcolm chugg"]
[Result "1-0"]
[WhiteCountry "USA"]
[BlackCountry "WLS"]
[WhiteElo "2197"]
[WhiteRD "64"]
[BlackElo "1255"]
[BlackRD "55"]
[GameID "427720"]

1. e4 e5 2. Nf3 Nf6 3. Nxe5 Qe7 4. d4 d6 5. Nf3 Bg4 6. Be2 Nc6 7. h3 Bd7 8. O-O Nxe4 9. Re1 d5 10. c4 dxc4
11. d5 Ne5 12. Qd4 Nxf3+ 13. Bxf3 f5 14. Bxe4 fxe4 15. Rxe4 Qxe4 16. Qxe4+ Be7 17. Bg5 O-O-O 18. Bxe7 Rde8 19. Nc3 a6 20. d6 c6
21. Na4 Kb8 22. Nb6 Bc8 23. d7 Bxd7 24. Bd6+ Ka7 25. Qd4 Bf5 26. Nc8+ Ka8 27. Qa7#
1-0

[Event "Petroff Defence Thematic"]
[Site "SchemingMind.com"]
[Date "2018.05.04"]
[Round "-"]
[White "Johnny Owens"]
[Black "frankly"]
[Result "1/2-1/2"]
[WhiteCountry "USA"]
[BlackCountry "ENG"]
[WhiteElo "2252"]
[WhiteRD "63"]
[BlackElo "2583"]
[BlackRD "67"]
[GameID "427721"]

1. e4 e5 2. Nf3 Nf6 3. Nxe5 d6 4. Nf3 Nxe4 5. Nc3 Nxc3 6. bxc3 Be7 7. d4 O-O 8. Bd3 d5 9. O-O c5 10. c4 Nc6
11. cxd5 Qxd5 12. Re1 cxd4 13. Be4 Qd8 14. Qd3 h6 15. Bb2 Bf6 16. Bxc6 bxc6 17. Bxd4 Bxd4 18. Qxd4 Be6 19. h3 Bd5 20. Nh4 Be6
21. Nf3 Re8 22. a4 Qe7 23. Re3 Rac8 24. Rae1 c5 25. Qc3 Qd7 26. a5 Red8 27. Re5 Qd6 28. R5e3 Qf4 29. Qa1 Qc4 30. R3e2 Qa6
31. Re5 Rd5 32. Rxd5 Bxd5 33. Ne5 c4 34. Qd4 Be6 35. Ra1 Qb5 36. a6 Rb8 37. Qe4 Qb6 38. Nf3 Qc5 39. Qe3 Qc7 40. c3 Rb6
41. Nd4=
1/2-1/2

[Event "Petroff Defence Thematic"]
[Site "SchemingMind.com"]
[Date "2018.04.29"]
[Round "-"]
[White "Johnny Owens"]
[Black "David Perna-Fraser"]
[Result "1-0"]
[WhiteCountry "USA"]
[BlackCountry "CAN"]
[WhiteElo "2299"]
[WhiteRD "65"]
[BlackElo "2206"]
[BlackRD "74"]
[GameID "427722"]

1. e4 e5 2. Nf3 Nf6 3. Nxe5 d6 4. Nf3 Nxe4 5. d4 d5 6. Bd3 Bd6 7. O-O O-O 8. c4 c6 9. Re1 Re8 10. Qb3 Na6
11. cxd5 cxd5 12. Nc3 Nxc3 13. Rxe8+ Qxe8 14. bxc3 Bg4 15. Qxd5 Bxf3 16. Qxf3 Qe1+ 17. Bf1 Bxh2+ 18. Kxh2 Qxf1 19. Rb1 Rf8 20. Qxb7 h5
21. Ba3 Qxf2 22. Bxf8 Qf4+ 23. Kh1 Qh4+ 24. Kg1 Qg5 25. Rf1 Qe3+ 26. Kh1
1-0